Costa Rica y la guerra del 56 : la campaña del tránsito, 1856-1857 /
Colección formada básicamente por trabajos sobre la historia de Costa Rica, referentes a sus diferentes períodos –el descubrimiento, la época colonial, la independencia y el siglo XIX- y a diversas esferas de la vida pública –la economía, la educación, por ejemplo-, aunque también incluye obras sobr...
Gespeichert in:
| 1. Verfasser: | |
|---|---|
| Format: | Buch |
| Sprache: | Spanisch |
| Veröffentlicht: |
San José, Costa Rica :
Editorial Costa Rica,
1976, c1976
|
| Schriftenreihe: | (Biblioteca Patria Costa Rica ;
13) |
| Schlagworte: | |
| Tags: |
Keine Tags, Fügen Sie das erste Tag hinzu!
|
MARC
| LEADER | 00000nam^a2200000^a^4500 | ||
|---|---|---|---|
| 001 | 000315163 | ||
| 005 | 20250521000000.0 | ||
| 009 | 20260310113236.811 | ||
| 037 | |a Acervo ITESO - Biblioteca | ||
| 041 | |a ESP | ||
| 082 | |a 972. 86 |b BIB V. 13 | ||
| 100 | |a Obregón Loría, Rafael |e (autor) | ||
| 240 | 1 | 3 | |a [La campaña del tránsito: 1856-1857] |
| 245 | 1 | 0 | |a Costa Rica y la guerra del 56 : |b la campaña del tránsito, 1856-1857 / |c R. Obregón Loría ; pról. de Teodoro Picado Michalski. |
| 264 | 4 | |a San José, Costa Rica : |b Editorial Costa Rica, |c 1976, c1976 | |
| 300 | |a 246 p. | ||
| 336 | |a texto |b txt |2 rdacontenido | ||
| 337 | |a sin mediación |b n |2 rdamedio | ||
| 338 | |a volumen |b nc |2 rdasoporte | ||
| 440 | 1 | |a (Biblioteca Patria Costa Rica ; |v 13) | |
| 520 | |a Colección formada básicamente por trabajos sobre la historia de Costa Rica, referentes a sus diferentes períodos –el descubrimiento, la época colonial, la independencia y el siglo XIX- y a diversas esferas de la vida pública –la economía, la educación, por ejemplo-, aunque también incluye obras sobre otros ámbitos de la cultura costarricense, como son el idioma, la flora y el pensamiento político. | ||
| 520 | |a Se aborda la batalla contra el ejército filibustero estadounidense, encabezado por William Walker en 1956-1957. Dicha intervención se realizó en Centroamérica principalmente por Estados Unidos y colateralmente por Inglaterra y Francia para poder tener controlado el territorio para el comercio. Este hecho se relaciona estrechamente con Nicaragua ya que Walker fue electo fraudulentamente como presidente de esta nación y en su afán expansionista ataca Costa Rica. | ||
| 649 | |a XX | ||
| 650 | |a Intervención Militar de EUA | ||
| 650 | |a Intervención Militar en Costa Rica - |x Historia - |y Siglo XIX | ||
| 650 | |a Costa Rica - |x Historia - |y 1838-1900 - |x Tema Principal | ||
| 650 | |a Costa Rica - |x Historia - |y Siglo XIX | ||
| 910 | |a Fondo General | ||
| 920 | |a Impresos - Libros | ||
| 930 | |a Colección General | ||
| 905 | |a 101 | ||
| 901 | |a 0500202034 |b IT1 |c ACC |u 20250521 | ||
| 902 | |a https://opac.biblio.iteso.mx/vufind/Record/000315163 | ||